| 000 | 01164cam a2200409 i 4500 | ||
|---|---|---|---|
| 001 | 0000590 | ||
| 003 | DO-SdBPM | ||
| 005 | 20260605133411.0 | ||
| 007 | ta | ||
| 008 | 100514s2003 cl |||| 000 f spa | ||
| 015 | _a | ||
| 017 |
_a _b |
||
| 020 | _a0799911264 | ||
| 035 | _a | ||
| 040 |
_aDO-SdBPM _bspa _cBPMSU _e rda |
||
| 080 | _a | ||
| 082 | 0 | 4 |
_a649.1 _bD635u 2003 _222 |
| 100 | 1 |
_aDobson, James C., _d1936- _eautor _4aut. |
|
| 245 | 1 | 0 |
_aUna luz en la noche para padres / _c James y Shirley Dobson |
| 250 | _a3a. ed. | ||
| 264 |
_aColombia : _b Editorial Unilit, _c2003 |
||
| 300 |
_a320 páginas ; _c23 cm |
||
| 336 |
_atexto _btxt _2rdacontent |
||
| 337 |
_asin mediación _bn _2rdamedia |
||
| 338 |
_avolumen _bnc _2rdacarrier |
||
| 490 | 0 |
_aDevocionario ; _a Familia _v |
|
| 590 | _aInventariado, 2026/VM | ||
| 650 | 7 | _aCrianza de niños. | |
| 650 | 7 | _a Educación para la vida familiar. | |
| 650 | 7 | _a Disciplina infantil. | |
| 650 | _a | ||
| 650 | 4 | _aValores sociales | |
| 650 | 4 | _aConducta (ética ) | |
| 700 | 1 |
_aDobson , Chirley _eautora _4 |
|
| 910 | _aVMateo V. Control de calidad. BPMSU | ||
| 942 |
_2ddc _cBK |
||
| 999 |
_c15900 _d15900 |
||